LIBRARY & INFORMATION CENTRE, KCAET, TAVANUR

ONLINE PUBLIC ACCESS CATALOGUE (OPAC)

Computer vegathil kankku cheyyam / | കമ്പ്യൂട്ടര്‍ വേഗത്തില്‍ കണക്കു ചെയ്യാം (Record no. 19487)

MARC details
000 -LEADER
fixed length control field 00511nam a22001577a 4500
003 - CONTROL NUMBER IDENTIFIER
control field OSt
008 - FIXED-LENGTH DATA ELEMENTS--GENERAL INFORMATION
fixed length control field 250830b |||||||| |||| 00| 0 eng d
041 ## - LANGUAGE CODE
Language code of text/sound track or separate title eng
082 ## - DEWEY DECIMAL CLASSIFICATION NUMBER
Classification number 510
Item number NAI/CO
100 ## - MAIN ENTRY--AUTHOR NAME
Personal name Nair, R.C.
245 ## - TITLE STATEMENT
Title Computer vegathil kankku cheyyam /
Remainder of title കമ്പ്യൂട്ടര്‍ വേഗത്തില്‍ കണക്കു ചെയ്യാം
260 ## - PUBLICATION, DISTRIBUTION, ETC. (IMPRINT)
Place of publication Thiruvananthapuram :
Name of publisher Chintha Publishers,
Year of publication 2024.
300 ## - PHYSICAL DESCRIPTION
Number of Pages 136 p.
650 ## - SUBJECT ADDED ENTRY--TOPICAL TERM
Topical Term Mathematics
942 ## - ADDED ENTRY ELEMENTS (KOHA)
Koha item type Books
Holdings
Withdrawn status Lost status Damaged status Home library Current library Date acquired Source of acquisition Cost, normal purchase price Full call number Accession Number Koha item type
      KAUAET KAUAET 30/08/2025 Donated by KT Jaleel MLA 230.00 510 NAI/CO 26294 Books
free website counter